Capitales par lettre - C - Statistiques

Statistiques générales
  • Ce quiz a été pris 188 fois
  • Le résultat moyen est 5 sur 8
Statistiques - réponses
Réponse % Correct
Le {Caire}
88%
Le {Cap}
84%
Canberra
83%
Copenhague
80%
Caracas‎
72%
Chisinau
56%
Conakry
35%
Castries
34%
Aucun quiz correspondant
Distribution des résultats
% des personnes avec chaque résultat
Percentile par nombre de réponses
Votre historique - résultats
Vous n’avez pas pris ce quiz